CFL Teams - Statistics

General Stats
  • This quiz has been taken 506 times
  • The average score is 6 of 9
Answer Stats
Hint Answer % Correct
Term for Inuit Eskimos
77%
Big Cat Lions
76%
Green Machine RoughRiders
73%
Coloured Airforce Blue Bombers
72%
Named After Famous Event Stampeders
69%
Followers of Jason Argonauts
65%
Lark in a language other than english Alouettes
62%
Uncreative Redblacks
51%
Colours Incorrect for Team name Tiger Cats
42%
No matching quizzes found
Score Distribution
Percent of People with Each Score
Percentile by Number Answered
Your Score History
You have not taken this quiz